00597 a2200181 450000100060000002000270000604000240003310000220005724000300007924500250010930000090013436200090014365000310015294200070018395201040019095201040029499900170039847274 a9788540501898 (broch.) cAnchieta - Aquarius aVarella, Flávia10aCric crec pi ploft! lpor10aCric crec pi ploft!  a48p.0 a2012 4aLiteratura infanto-juvenil cBK 00104070a87.1b87.1d2023-11-21l0o028.5 CRO CRIp5814/AQUr2023-11-21 15:14:07w2023-11-21yBK 00104070a87.1b87.1d2023-11-21l0o028.5 CRO CRIp5844/AQUr2023-11-21 15:14:07w2023-11-21yBK c47274d47274